02332nam a2200277 a 4500001001000000003000900010005001700019008004100036020001800077040002500095082003100120111004200151245018500193260007200378300002700450490010100477500007300578505094400651650006801595651008501663651008301748700003201831700002101863710007201884830009801956000047544DO-SdBNP20231004095102.0090630s2008 dr r 000 0 spa d a9789945443332 aDO-SdBNPbspacBNPHU a330.97293bC744n, 2007222 aConcurso Biblioteca Juan Pablo Duarte10aNueva literatura económica dominicana :bpremios del Concurso de Economía Biblioteca "Juan Pablo Duarte" 2007 /cFrank Alexis Fuentes Brito ... [et al.] ; edición Elvis Soto. aSanto Domingo :bBanco Central de la República Dominicana,c2008. axiii, 282 p. ;c23 cm.1 aBanco Central de la República Dominicana ;v108aNueva literatura económica dominicana ;v11 aIncluye referencias bibliográficas y notas al pie de las páginas0 aPalabras del Lic. Valdez Albizu --tPalabras de Miguel Ceara-Hatton --gPrimera parte --tImpacto económico de la diabetes mellitus en la República Dominicana : Análisis y recomendaciones de políticas públicas /rFrank alexis Fuentes Brito, Brenda Mercedes Villanueva Rivas --gSegunda parte :tImpacto distributivo del DR-CAFTA : efectos sobre el empleo, el ingreso y la equidad en los sectores industrial y agropecuario en RD. /rRafael Capellán , José Manual Michel, Luis Reyes --gTercera parte :tRiesgos del mercado : valor en riesgo calculado con modelos de volatilidad condicional integrado de forma dinámica con simulación de Monte Carlo /rEliel D. Jiménez R.gCuarta parte :tDesalineamiento cambiario y cresimiento (Primera mensión de honor)/rJosé Antonio Pellerano GuzmángQuinta parte :tEstimación del índice de condiciones monetarias para la República Dominicana/rAna Sierra, Edgar Morales 4aFinanzasxRepública dominicanavCongresos, conferencias, etc. 4aRepública DominicanaxCondiciones económicasvCongresos, conferencias, etc.  4aRepública DominicanaxPolítica económicavCongresos, conferencias, etc. 1 aFuentes Brito, Frank Alexis1 aSoto, Elviseed.2 aBanco Central de la República Dominicana.bDepartamento Cultural. 0aBanco Central de la República Dominicanav108pNueva literatura económica dominicana n11